Problémy komparativní ekonomie.

Možnosti a náplň ekonometrických modelov - vystihnutie palety ekonomických procesov a sprievodných javov vo vzájomnej interakcii a voľnej väzbe makro- a mikroekonomického charakteru - ich vyhodnotenie a analýza. Ekonometria a matematická ekonómia. Okruhy skúmania a tvorby modelov pre vytváranie mode...

Descrizione completa

Salvato in:
Dettagli Bibliografici
Autore principale: Walterová, L.
Natura: Capitolo di libro
Lingua:ceco
Soggetti:
Tags: Aggiungi Tag
Nessun Tag, puoi essere il primo ad aggiungerne!!

MARC

LEADER 00000naa a2200000 4500
001 r012950
005 20221213084613.3
041 0 |a cze 
044 |a CZ 
245 1 0 |a Problémy komparativní ekonomie.  |c L. Walterová 
520 |a Možnosti a náplň ekonometrických modelov - vystihnutie palety ekonomických procesov a sprievodných javov vo vzájomnej interakcii a voľnej väzbe makro- a mikroekonomického charakteru - ich vyhodnotenie a analýza. Ekonometria a matematická ekonómia. Okruhy skúmania a tvorby modelov pre vytváranie modelových sústav a ich ekonometrické zobrazenie. Makroekonomické modely, modely citlivých entít (cenové, nezamestnanosti), modely konštruované z hľadiska obyvateľstva (mikroekonomické modely ekonomického správania určitých celkov). Náhodilosť. Problémy pravdepodobných úsudkov. Možnosti komparácie. 
610 2 0 |a ekonometria 
610 2 0 |a ekonómia matematická 
610 2 0 |a modely ekonometrické 
610 2 0 |a modely makroekonomické 
610 2 0 |a modely mikroekonomické 
610 2 0 |a pravdepodobnosť 
610 2 0 |a modelovanie 
100 1 |a Walterová, L.